Movie by Repeated Quote V Quiz Stats

 Plays Quiz Updated Jun 25, 2017

Challenge
Share
Tweet
Embed
Score 0/18 Timer 05:00
1 Play Today
% Correct
Iron Man
89.7%
Taxi Driver
88%
The Mask
83.8%
The Incredibles
80.3%
La La Land
79.9%
Catch Me If You Can
79.2%
Toy Story 2
75.8%
The 40-Year-Old Virgin
74.4%
Monty Python's Life of Brian
69.5%
% Correct
A Few Good Men
64.5%
Up
55.9%
Shaun of the Dead
55.3%
Network
53.9%
Get Him to the Greek
53%
Shrek
52.2%
How to Train Your Dragon
46.6%
The Day the Earth Stood Still
43.1%
The Witch
27.7%

You're not logged in!

Compare scores with friends on all Sporcle quizzes.
Join for Free
OR
Log In

You Might Also Like...

Show Comments

Extras

Top Quizzes Today


Score Distribution

Your Account Isn't Verified!

In order to create a playlist on Sporcle, you need to verify the email address you used during registration. Go to your Sporcle Settings to finish the process.

Report this User

Report this user for behavior that violates our Community Guidelines.

Details: